| 000 | 00392nam a22001577a 4500 | ||
|---|---|---|---|
| 020 | _a9788187474746 | ||
| 082 |
_aM301 _bMAR/A |
||
| 100 | _aMariya Rose | ||
| 245 |
_aAlfred hitchcock avatharippikunnu/ _cby Mariya Rose |
||
| 260 |
_aKozhikode: _bPappiyon, _c2010. |
||
| 300 | _a257p. | ||
| 650 | _aStories Malayalam | ||
| 650 | _aLiterature Malayalam | ||
| 650 | _aLiterature | ||
| 942 | _cBK | ||
| 999 |
_c63976 _d63976 |
||